Vida de Napoleón : (Record no. 198345)

MARC details
000 -LEADER
campo de control de longitud fija 01191nam a2200361 i 4500
001 - NÚMERO DE CONTROL
campo de control 198345
003 - IDENTIFICADOR DE NÚMERO DE CONTROL
campo de control ES-MaACL
005 - FECHA Y HORA DE LA ÚLTIMA TRANSACCIÓN
campo de control 20260521165351.0
007 - CAMPO FIJO DE DESCRIPCIÓN FÍSICA--INFORMACIÓN GENERAL
campo de control de longitud fija ta
008 - DATOS DE LONGITUD FIJA--INFORMACIÓN GENERAL
campo de control de longitud fija 260521s1971 sp ||||| |||| 001 0bspa d
017 ## - NÚMERO DE COPYRIGHT O DE DEPÓSITO LEGAL
Número de copyright o de depósito legal M 10389-1971
Agencia que asigna Oficina Depósito Legal Madrid
040 ## - FUENTE DE CATALOGACIÓN
Centro catalogador/agencia de origen ES-MaACL
Lengua de catalogación spa
Centro/agencia transcriptor ES-MaACL
Normas de descripción rda
080 ## - NÚMERO DE LA CLASIFICACIÓN DECIMAL UNIVERSAL
Número de la Clasificación Decimal Universal 929 Napoleón
100 1# - ENTRADA PRINCIPAL--NOMBRE DE PERSONA
Nombre de persona Merezhkovsky, Dmitry Sergeyevich
Relación aut
9 (RLIN) 80486
Término indicativo de función/relación Autor
245 10 - MENCIÓN DEL TÍTULO
Título Vida de Napoleón :
Resto del título (1769-1821) /
Mención de responsabilidad, etc. Dimitri Merejkovsky ; traducción del francés por José María Quiroga Plá
250 ## - MENCION DE EDICION
Mención de edición Décima edición
264 #1 - PRODUCCIÓN, PUBLICACIÓN, DISTRIBUCIÓN, FABRICACIÓN Y COPYRIGHT
Producción, publicación, distribución, fabricación y copyright Madrid :
Nombre del de productor, editor, distribuidor, fabricante Espasa-Calpe,
Fecha de producción, publicación, distribución, fabricación o copyright 1971
264 #4 - PRODUCCIÓN, PUBLICACIÓN, DISTRIBUCIÓN, FABRICACIÓN Y COPYRIGHT
Fecha de producción, publicación, distribución, fabricación o copyright ©1938
300 ## - DESCRIPCIÓN FÍSICA
Extensión 226 páginas ;
Dimensiones 18 cm
336 ## - TIPO DE CONTENIDO
Fuente rdacontent
Término de tipo de contenido Texto
337 ## - TIPO DE MEDIO
Fuente rdamedia
Nombre/término del tipo de medio sin mediación
338 ## - TIPO DE SOPORTE
Fuente rdacarrier
Nombre/término del tipo de soporte volumen
490 0# - MENCIÓN DE SERIE
Mención de serie Colección Austral ;
Designación de volumen o secuencia 30
500 ## - NOTA GENERAL
Nota general Registro provisional
500 ## - NOTA GENERAL
Nota general Índices
600 04 - PUNTO DE ACCESO ADICIONAL DE MATERIA--NOMBRE DE PERSONA
Nombre de persona Napoleón
Numeración I
Títulos y otros términos asociados al nombre , Emperador de Francia
9 (RLIN) 84910
700 1# - ENTRADA AGREGADA--NOMBRE PERSONAL
Nombre de persona Quiroga Plá, José María,
Fechas asociadas al nombre 1902-1955
Relación trl
9 (RLIN) 94784
Término indicativo de función/relación Traductor
852 ## - LOCALIZACIÓN
Ubicación ES-MaACL
Ubicación en estantería Despachos-biblioteca
Número de control de estantería DB-189
Donativo/Legado Donación: J. Porto
Encuadernación Encuadernación rústica
942 ## - ELEMENTOS DE ENTRADA SECUNDARIOS (KOHA)
Tipo de ítem Koha Libro impreso
Suprimir en OPAC No
Holdings
Estatus retirado Estado de pérdida Fuente del sistema de clasificación o colocación Estado de daño No para préstamo Biblioteca de origen Biblioteca actual Ubicación en estantería Fecha de adquisición Fuente de adquisición Total de préstamos Signatura topográfica completa Código de barras Visto por última vez Precio de reemplazo Tipo de ítem Koha
    Clasificación decimal universal     Biblioteca del Ateneo de Madrid Biblioteca del Ateneo de Madrid Despachos-biblioteca 21/05/2026 Donación   DB-189 2026-0316 21/05/2026 21/05/2026 Libro impreso